00684nam a2200181 i 4500001000700000003000900007005001700016007000300033008004100036080002100077100003100098245009300129260008000222300002200302530003500324852002600359856011700385110567ES-MaACL20251120111712.0t|070201q1920 sp ||||1| spa d a821.134.2-92"19"1 aSáenz-Torre Rico, Pedro.14aLos pasos de la vida b: en compendio y recopilación / cpor Pedro Sáenz-Torre Rico. aLogroño : b[s.n., cca. 1920] (fImp. y Librería General Santos Ochoa) a119 p. ; c18 cm. aDisponible en formato digital. aES-MaACLjD-3523cSVI4 uhttp://bibliotecavirtual.larioja.org/bvrioja/i18n/consulta/registro.do?id=2755y(Biblioteca Virtual de La Rioja)